[Event "World Rapid 2019"]
[Site "Moscow RUS"]
[Date "2019.12.26"]
[Round "2.95"]
[White "Atabayev, Saparmyrat"]
[Black "Geller, Jakov"]
[Result "0-1"]
[WhiteTitle "IM"]
[BlackTitle "GM"]
[WhiteElo "2425"]
[BlackElo "2521"]
[WhiteFideId "14000571"]
[BlackFideId "4151984"]
[EventDate "2019.12.26"]
[EventType "rapid"]

1. e4 c6 2. d4 d5 3. Nd2 dxe4 4. Nxe4 Bf5 5. Ng3 Bg6 6. Nh3 e6 7. Nf4 Qh4 8. c3
Bd6 9. Qf3 Nf6 10. Bd2 Nbd7 11. O-O-O O-O-O 12. Bc4 Nb6 13. Bb3 Nbd5 14. Nxg6
hxg6 15. Kb1 Qg4 16. Qd3 Nf4 17. Qf1 N4h5 18. Bc2 Nxg3 19. hxg3 Rxh1 20. Qxh1
Qe2 21. Qf1 Qxf1 22. Rxf1 Rh8 23. Bd1 Ne4 24. Be3 Be7 25. Bf3 Ng5 26. Be2 Rh2
27. Rg1 Kd7 28. Kc2 Ne4 29. Kd3 f5 30. c4 Bg5 31. f4 Be7 32. g4 Bh4 33. gxf5
gxf5 34. Bf3 Nf2+ 35. Ke2 Ng4 36. Bd2 Bg3 37. Rf1 Nf6 38. Kd3 Rh4 39. Be2 Ne4
40. Be3 Rh2 41. Bf3 Nf6 42. b4 Rh4 43. Be2 b5 44. cxb5 cxb5 45. Kc2 a6 46. a4
Nd5 47. Bd2 Bxf4 48. Rxf4 Nxf4 49. Bf3 Nd5 50. axb5 axb5 51. Kd3 Rh1 52. Kc2 Rh8
53. Be2 Kc6 54. Bf3 Rg8 55. Bg5 Kd6 56. Kb3 Rc8 57. Be2 Rc3+ 58. Kb2 Rg3 0-1

[Event "World Rapid 2019"]
[Site "Moscow RUS"]
[Date "2019.12.26"]
[Round "2.96"]
[White "Khusnutdinov, Rustam"]
[Black "Lam, Daniel King Wai"]
[Result "1/2-1/2"]
[WhiteTitle "GM"]
[BlackTitle "FM"]
[WhiteElo "2491"]
[BlackElo "2110"]
[WhiteFideId "13701703"]
[BlackFideId "6001238"]
[EventDate "2019.12.26"]
[EventType "rapid"]

1. Nf3 Nf6 2. c4 c6 3. Nc3 d5 4. e3 Nbd7 5. Qc2 e6 6. b3 Bd6 7. Bb2 O-O 8. Rg1
e5 9. cxd5 cxd5 10. Nb5 Bb8 11. Rc1 a6 12. Nc7 Ra7 13. Ng5 Bxc7 14. Qxc7 Qxc7
15. Rxc7 Ra8 16. Nf3 Ne8 17. Rc1 f6 18. g4 g5 19. d3 b6 20. Ba3 Rf7 21. Bg2 Bb7
22. Ke2 Nf8 23. Nd2 Ne6 24. Nf1 N8c7 25. Ng3 Ng7 26. Rh1 Nb5 27. Bb2 Rc7 28. a4
Rxc1 29. Rxc1 Nd6 30. Ba3 Rc8 31. Rxc8+ Nxc8 32. d4 Kf7 33. Bh3 Ne7 34. dxe5
fxe5 35. Bd6 Ke6 36. Bc7 b5 37. Kd2 Ne8 38. Bb6 Nf6 39. f4 h6 40. fxe5 Nd7 41.
Bc7 bxa4 42. bxa4 Nxe5 43. Ne2 N7c6 44. Nd4+ Nxd4 45. exd4 Nc4+ 46. Kc3 Bc6 47.
Kb4 Kd7 48. Bg3 a5+ 49. Kb3 Nd2+ 50. Ka3 Nc4+ 1/2-1/2

[Event "World Rapid 2019"]
[Site "Moscow RUS"]
[Date "2019.12.26"]
[Round "2.97"]
[White "Sakaev, Konstantin"]
[Black "Al Ghamdi, Ahmed M"]
[Result "0-1"]
[WhiteTitle "GM"]
[BlackTitle "CM"]
[WhiteElo "2596"]
[BlackElo "2107"]
[WhiteFideId "4104226"]
[BlackFideId "21500150"]
[EventDate "2019.12.26"]
[EventType "rapid"]

1. e4 c5 2. d4 cxd4 3. c3 dxc3 4. Nxc3 Nc6 5. Nf3 e6 6. Bc4 Qc7 7. O-O Nf6 8.
Nb5 Qb8 9. e5 Nxe5 10. Nxe5 Qxe5 11. Re1 Qb8 12. Qd4 d6 13. Bf4 Bd7 14. Rac1 Bc6
15. Bxd6 Bxd6 16. Nxd6+ Kf8 17. Nxf7 Kxf7 18. Bxe6+ Kg6 19. Qd3+ Kh6 20. Qh3+
Kg6 21. Qf5+ Kh6 22. Rc3 Nh5 23. Rh3 Qe8 24. Qf4+ g5 25. Qf6+ Qg6 26. Rxh5+ Kxh5
27. Qe5 Rhf8 28. Re3 Qf6 29. Rh3+ Kg6 30. Qe4+ Bxe4 0-1

[Event "World Rapid 2019"]
[Site "Moscow RUS"]
[Date "2019.12.26"]
[Round "2.98"]
[White "Shcherbakov, Ruslan"]
[Black "Al Nhier, Hamoud"]
[Result "1-0"]
[WhiteTitle "GM"]
[BlackTitle "FM"]
[WhiteElo "2527"]
[BlackElo "1934"]
[WhiteFideId "4102240"]
[BlackFideId "21500045"]
[EventDate "2019.12.26"]
[EventType "rapid"]

1. c4 Nf6 2. Nc3 e6 3. e4 d6 4. d4 b6 5. Bd3 Bb7 6. Nf3 Nbd7 7. O-O h6 8. Re1 e5
9. Bc2 c5 10. dxe5 Nxe5 11. Nxe5 dxe5 12. Ba4+ Nd7 13. Nd5 Be7 14. Qg4 g6 15. f4
h5 16. Qh3 Bxd5 17. exd5 e4 18. d6 Bxd6 19. Rxe4+ Be7 20. Be3 f5 21. Rd1 1-0

[Event "World Rapid 2019"]
[Site "Moscow RUS"]
[Date "2019.12.26"]
[Round "2.99"]
[White "Al Mutairi, Hassan S"]
[Black "Can, Emre"]
[Result "1-0"]
[WhiteTitle "CM"]
[BlackTitle "GM"]
[WhiteElo "1883"]
[BlackElo "2600"]
[WhiteFideId "21500193"]
[BlackFideId "6302181"]
[EventDate "2019.12.26"]
[EventType "rapid"]

1. d4 Nf6 2. c4 g6 3. Nc3 Bg7 4. e4 d6 5. Be2 Nbd7 6. Be3 c6 7. Nf3 O-O 8. Nd2
e5 9. d5 cxd5 10. cxd5 Nb6 11. O-O Bd7 12. a4 h5 13. a5 Nc8 14. f3 b6 15. b4
bxa5 16. bxa5 Rb8 17. Nc4 h4 18. Qd2 h3 19. g3 Nh5 20. Rab1 Rxb1 21. Rxb1 Qc7
22. a6 f5 23. Rb7 Qd8 24. Bf2 Be8 25. exf5 gxf5 26. Nb5 Rf7 27. Nxa7 Nxa7 28.
Bxa7 Qa8 29. Qb4 Bf8 30. Rxf7 Bxf7 31. Qb7 Bxd5 32. Qxa8 Bxa8 33. Bf2 d5 34.
Nxe5 Nf6 35. Bd4 Bd6 36. Bf1 Ne8 37. Nd3 Nc7 38. Bc5 Bxc5+ 39. Nxc5 Kf8 40. Bxh3
Ke7 41. Bxf5 Kd6 42. Nb3 Nxa6 43. Kf2 Ke5 44. Bd3 Nb4 45. f4+ Kf6 46. Ke3 Bc6
47. Nd4 Bd7 48. Be2 Na2 49. Bf3 Nb4 50. g4 1-0

[Event "World Rapid 2019"]
[Site "Moscow RUS"]
[Date "2019.12.26"]
[Round "2.100"]
[White "Gajewski, Grzegorz"]
[Black "Usov, Aleksandr E."]
[Result "1-0"]
[WhiteTitle "GM"]
[WhiteElo "2626"]
[BlackElo "2012"]
[WhiteFideId "1116207"]
[BlackFideId "24257109"]
[EventDate "2019.12.26"]
[EventType "rapid"]

1. e4 Nc6 2. Nf3 e5 3. Bc4 Nf6 4. d3 Bc5 5. O-O O-O 6. Nbd2 a6 7. a4 Ba7 8. h3
b5 9. Bb3 d6 10. c3 Ne7 11. Re1 Ng6 12. d4 c5 13. Nf1 exd4 14. cxd4 c4 15. Bc2
Bb7 16. Ng3 Re8 17. Bd2 Qb6 18. Bg5 d5 19. e5 Nd7 20. Nf5 Bb8 21. h4 Ngf8 22.
Qd2 Ne6 23. Be7 Ndf8 24. axb5 axb5 25. Rxa8 Bxa8 26. Bb4 Ba7 27. Rd1 Bc6 28. Ng5
Bd7 29. Ne7+ Rxe7 30. Bxe7 Nxd4 31. Bxf8 Nxc2 1-0

[Event "World Rapid 2019"]
[Site "Moscow RUS"]
[Date "2019.12.26"]
[Round "3.2"]
[White "Ponkratov, Pavel"]
[Black "Aronian, Levon"]
[Result "1/2-1/2"]
[WhiteTitle "GM"]
[BlackTitle "GM"]
[WhiteElo "2632"]
[BlackElo "2775"]
[WhiteFideId "4157800"]
[BlackFideId "13300474"]
[EventDate "2019.12.26"]
[EventType "rapid"]

1. e4 e5 2. Nf3 Nc6 3. Bb5 a6 4. Ba4 Nf6 5. O-O Be7 6. Re1 b5 7. Bb3 O-O 8. c3
d5 9. d4 dxe4 10. Nxe5 Nxe5 11. dxe5 Qxd1 12. Bxd1 Nd7 13. Rxe4 Nc5 14. Re2 Bg4
15. f3 Bf5 16. Be3 Rfd8 17. Nd2 Bd3 18. Rf2 Bg6 19. f4 Nd3 20. Rf1 Nxb2 21. Bf3
Bd3 22. Rf2 Rac8 23. Nb3 Na4 24. Na5 c5 25. c4 Nb6 26. cxb5 Bxb5 27. Rc1 Nd5 28.
Bxd5 Rxd5 29. Nc4 Rcd8 30. Rfc2 f6 31. Nb6 Rd1+ 32. Kf2 fxe5 33. Rxd1 Rxd1 34.
fxe5 Bh4+ 35. g3 Bd8 36. Bxc5 Rf1+ 37. Ke3 Re1+ 38. Kd4 Rd1+ 39. Kc3 Kf7 40. a4
Bxb6 41. Bxb6 Bxa4 42. Rd2 Rc1+ 43. Kb4 Rb1+ 44. Ka5 Rb5+ 45. Kxa6 Rxe5 46. Bd4
Rd5 47. Bc3 Rxd2 48. Bxd2 1/2-1/2

[Event "World Rapid 2019"]
[Site "Moscow RUS"]
[Date "2019.12.26"]
[Round "3.3"]
[White "Laznicka, Viktor"]
[Black "Karjakin, Sergey"]
[Result "1/2-1/2"]
[WhiteTitle "GM"]
[BlackTitle "GM"]
[WhiteElo "2648"]
[BlackElo "2754"]
[WhiteFideId "316385"]
[BlackFideId "14109603"]
[EventDate "2019.12.26"]
[EventType "rapid"]

1. d4 Nf6 2. c4 e6 3. Nf3 d5 4. Nc3 Be7 5. Bg5 Nbd7 6. cxd5 Nxd5 7. Bxe7 Qxe7 8.
g3 Nxc3 9. bxc3 b6 10. Bg2 Bb7 11. a4 O-O 12. O-O c5 13. Qb1 Nf6 14. a5 Qc7 15.
axb6 axb6 16. Qb2 Be4 17. Rfc1 1/2-1/2

[Event "World Rapid 2019"]
[Site "Moscow RUS"]
[Date "2019.12.26"]
[Round "3.5"]
[White "Antipov, Mikhail Al."]
[Black "Nepomniachtchi, Ian"]
[Result "1/2-1/2"]
[WhiteTitle "GM"]
[BlackTitle "GM"]
[WhiteElo "2549"]
[BlackElo "2767"]
[WhiteFideId "4107012"]
[BlackFideId "4168119"]
[EventDate "2019.12.26"]
[EventType "rapid"]

1. e4 c5 2. Nf3 d6 3. d4 cxd4 4. Nxd4 Nf6 5. f3 e5 6. Nb3 a5 7. c4 a4 8. N3d2
Be7 9. Nc3 Qa5 10. Ndb1 O-O 11. Be3 Be6 12. Qd2 Nc6 13. Na3 Bd8 14. Nd5 Nd4 15.
Qxa5 Bxa5+ 16. Kf2 Bxd5 17. cxd5 Nd7 18. Bb5 Nb6 19. Rhd1 Bb4 20. Bxd4 exd4 21.
Bd3 Bc5 22. Nb5 g6 23. Rdc1 Rae8 24. Kg3 Nd7 25. b4 axb3 26. axb3 Ne5 27. Rd1 f5
28. Nc7 Nxd3 29. Nxe8 fxe4 1/2-1/2

[Event "World Rapid 2019"]
[Site "Moscow RUS"]
[Date "2019.12.26"]
[Round "3.6"]
[White "Le, Quang Liem"]
[Black "Vallejo Pons, Francisco"]
[Result "1/2-1/2"]
[WhiteTitle "GM"]
[BlackTitle "GM"]
[WhiteElo "2713"]
[BlackElo "2704"]
[WhiteFideId "12401137"]
[BlackFideId "2205530"]
[EventDate "2019.12.26"]
[EventType "rapid"]

1. d4 d5 2. Nf3 e6 3. c4 a6 4. cxd5 exd5 5. Nc3 c6 6. Qb3 Nf6 7. Bg5 Be7 8. e3
Nbd7 9. Bd3 h6 10. Bh4 Ne4 11. Bxe7 Qxe7 12. Qc2 Ndf6 13. Ne5 O-O 14. O-O Bf5
15. Na4 Bh7 16. Rad1 Rfe8 17. f3 Nd6 18. Rfe1 Bxd3 19. Qxd3 Nc4 20. Nxc4 dxc4
21. Qd2 b5 22. Nc3 Nd5 23. e4 Nb4 24. Re2 Rad8 25. Qe3 Nd3 26. b3 f5 27. bxc4
bxc4 28. Rc2 Qa7 29. Ne2 Qe7 30. Rdd2 fxe4 1/2-1/2

[Event "World Rapid 2019"]
[Site "Moscow RUS"]
[Date "2019.12.26"]
[Round "3.7"]
[White "Motylev, Alexander"]
[Black "Fridman, Daniel"]
[Result "1/2-1/2"]
[WhiteTitle "GM"]
[BlackTitle "GM"]
[WhiteElo "2640"]
[BlackElo "2616"]
[WhiteFideId "4121830"]
[BlackFideId "11600454"]
[EventDate "2019.12.26"]
[EventType "rapid"]

1. e4 e5 2. Nf3 Nf6 3. d4 Nxe4 4. dxe5 Bc5 5. Bc4 Nxf2 6. Bxf7+ Kxf7 7. Qd5+ Kg6
8. Qxc5 Nxh1 9. Nc3 h6 10. Qc4 Kh7 11. Nd5 Re8 12. Bxh6 gxh6 13. O-O-O Re6 14.
Nxc7 Qg8 15. Rxh1 Rc6 16. Qxg8+ Kxg8 17. Nxa8 b6 18. e6 Rxe6 19. Nc7 Re2 20. Re1
Rxe1+ 21. Nxe1 Bb7 22. Nb5 Nc6 23. g3 Kg7 24. Nd3 Kf6 25. Kd2 Ba6 26. Nc7 Bxd3
27. Kxd3 Kf5 28. h3 Nb4+ 29. Kd2 Ke4 30. Nb5 Kf3 31. Nxa7 Nxa2 32. Nc8 b5 33.
Nd6 Kxg3 34. Nxb5 Nb4 35. c3 Nc6 36. Ke3 Kxh3 37. Kf4 h5 38. Nd4 h4 39. Nf5 Nd8
40. b4 Ne6+ 41. Ke5 Kg4 42. Nxh4 Kxh4 43. Kd6 Kg5 44. b5 Kf5 45. b6 Nd8 46. Kxd7
Nb7 47. Kc6 Na5+ 48. Kd5 Kf6 49. Kd6 Kf5 50. Kd5 Kf6 51. Kd6 Kf5 52. Kc5 Ke6 53.
c4 Kd7 54. Kb5 Nb7 55. c5 Nd8 56. b7 Nxb7 57. c6+ Kc7 58. cxb7 Kxb7 1/2-1/2

[Event "World Rapid 2019"]
[Site "Moscow RUS"]
[Date "2019.12.26"]
[Round "3.8"]
[White "Guseinov, Gadir"]
[Black "Postny, Evgeny"]
[Result "1-0"]
[WhiteTitle "GM"]
[BlackTitle "GM"]
[WhiteElo "2666"]
[BlackElo "2605"]
[WhiteFideId "13401378"]
[BlackFideId "2804344"]
[EventDate "2019.12.26"]
[EventType "rapid"]

1. e4 e5 2. Nf3 Nc6 3. Bb5 a6 4. Bxc6 dxc6 5. O-O Qf6 6. d4 exd4 7. Bg5 Qd6 8.
Nxd4 Ne7 9. Nc3 Bd7 10. Qd3 c5 11. Nd5 Nxd5 12. exd5 f6 13. Rfe1+ Be7 14. Nf5
Bxf5 15. Qxf5 fxg5 16. Re6 Qd7 17. Qe5 Rf8 18. Qxg7 O-O-O 19. Rxe7 Qxd5 20.
Rxc7+ Kb8 21. Rf1 Ka8 22. Qc3 Rc8 23. Rxh7 Qxa2 24. b3 c4 25. Qb4 Rb8 26. Rxb7
Qxc2 27. bxc4 Rxb7 28. Qxf8+ Rb8 29. Qf3+ Ka7 30. Qe3+ Ka8 31. Qxg5 Rb1 32. Qd5+
Ka7 33. g4 Rxf1+ 34. Kxf1 Qc1+ 35. Kg2 Qf4 1-0

[Event "World Rapid 2019"]
[Site "Moscow RUS"]
[Date "2019.12.26"]
[Round "3.9"]
[White "Socko, Bartosz"]
[Black "Smirin, Ilia"]
[Result "0-1"]
[WhiteTitle "GM"]
[BlackTitle "GM"]
[WhiteElo "2618"]
[BlackElo "2607"]
[WhiteFideId "1107038"]
[BlackFideId "2801990"]
[EventDate "2019.12.26"]
[EventType "rapid"]

1. d4 Nf6 2. c4 g6 3. Nf3 Bg7 4. g3 O-O 5. Bg2 d6 6. O-O Nc6 7. Nc3 Bf5 8. Ne1
Re8 9. e4 Bd7 10. d5 Na5 11. Qe2 c5 12. Nc2 e6 13. Bf4 exd5 14. cxd5 b5 15. b4
Nh5 16. Bd2 Nc4 17. Rad1 Rc8 18. Be1 a5 19. bxc5 Rxc5 20. Nd4 b4 21. Nb1 Qb6 22.
Nc6 Nf6 23. Nd2 Nxd2 24. Qxd2 Nxe4 25. Qf4 g5 26. Qf3 Nf6 27. Qb3 Bg4 28. Rb1
Be2 29. Bd2 Bc4 30. Qa4 Re2 31. Be3 Rxa2 32. Qd1 Bxf1 33. Bxf1 h6 34. Qb3 Ra3
35. Qxa3 bxa3 36. Rxb6 Nd7 37. Ra6 a2 38. Ra8+ Nf8 39. Bxc5 a1=Q 40. Bxd6 a4 41.
Ne7+ Kh7 42. Nf5 Ng6 43. Ra7 Ne5 44. Nxg7 Nf3+ 45. Kg2 Ne1+ 46. Kg1 Kxg7 47. Bc5
Qe5 48. Rxa4 Nf3+ 49. Kg2 Qxd5 50. Be3 Nd2+ 51. Kg1 Nxf1 52. Bd4+ Kg6 53. Ra6+
Kh7 54. Ra4 Nd2 0-1

[Event "World Rapid 2019"]
[Site "Moscow RUS"]
[Date "2019.12.26"]
[Round "3.10"]
[White "Dragnev, Valentin"]
[Black "Zubov, Alexander"]
[Result "0-1"]
[WhiteTitle "GM"]
[BlackTitle "GM"]
[WhiteElo "2553"]
[BlackElo "2601"]
[WhiteFideId "1634852"]
[BlackFideId "14109409"]
[EventDate "2019.12.26"]
[EventType "rapid"]

1. d4 Nf6 2. c4 e6 3. Nf3 b6 4. g3 c6 5. Bg2 d5 6. O-O Nbd7 7. Nbd2 Ba6 8. b3
Be7 9. Bb2 O-O 10. Re1 c5 11. cxd5 exd5 12. Ne5 Rc8 13. Bh3 Rc7 14. e4 cxd4 15.
Bxd4 Nc5 16. exd5 Qxd5 17. Ndf3 Qa8 18. Qd2 Bb7 19. Qe2 Nce4 20. Rac1 Rxc1 21.
Rxc1 Ba3 22. Rd1 Bd6 23. Qe3 Re8 24. Rc1 Qb8 25. Qf4 Bd5 26. Bg2 Nc5 27. Qg5 Ne6
28. Qd2 Nxd4 29. Qxd4 Bxe5 30. Nxe5 Bxg2 0-1

[Event "World Rapid 2019"]
[Site "Moscow RUS"]
[Date "2019.12.26"]
[Round "3.15"]
[White "Popov, Ivan RUS"]
[Black "Artemiev, Vladislav"]
[Result "1/2-1/2"]
[WhiteTitle "GM"]
[BlackTitle "GM"]
[WhiteElo "2636"]
[BlackElo "2731"]
[WhiteFideId "4170350"]
[BlackFideId "24101605"]
[EventDate "2019.12.26"]
[EventType "rapid"]

1. e4 c6 2. d4 d5 3. Nc3 dxe4 4. Nxe4 Nf6 5. Nxf6+ exf6 6. c3 Bd6 7. Bd3 O-O 8.
Qc2 Re8+ 9. Ne2 h5 10. O-O h4 11. h3 Nd7 12. Bf4 Nf8 13. Qd2 Ng6 14. Bxd6 Qxd6
15. Rae1 Be6 16. Bxg6 fxg6 17. Nc1 g5 18. Re4 Bf5 19. Rxe8+ Rxe8 20. Re1 Rxe1+
21. Qxe1 g4 22. hxg4 Bxg4 23. Qe8+ Qf8 24. Qe4 Qc8 25. f3 Qe6 26. Qxg4 Qe1+ 27.
Kh2 Qxc1 28. Qe6+ Kh7 29. Qe4+ Kg8 30. Qe8+ 1/2-1/2

[Event "World Rapid 2019"]
[Site "Moscow RUS"]
[Date "2019.12.26"]
[Round "3.21"]
[White "Riazantsev, Alexander"]
[Black "Jakovenko, Dmitry"]
[Result "1-0"]
[WhiteTitle "GM"]
[BlackTitle "GM"]
[WhiteElo "2639"]
[BlackElo "2698"]
[WhiteFideId "4125029"]
[BlackFideId "4122356"]
[EventDate "2019.12.26"]
[EventType "rapid"]

1. d4 Nf6 2. c4 e6 3. Nf3 d5 4. Bg5 Be7 5. e3 O-O 6. Qc2 h6 7. Bxf6 Bxf6 8. h4
c5 9. g4 g6 10. g5 hxg5 11. hxg5 Bg7 12. dxc5 Qa5+ 13. Nc3 dxc4 14. Bxc4 Qxc5
15. Ne4 Qb4+ 16. Ke2 b5 17. Bd3 Bb7 18. Rh4 Qe7 19. Rah1 Nd7 20. Qc7 Bxe4 21.
Bxe4 e5 22. Bxa8 Rxa8 23. Rd1 e4 24. Rxd7 exf3+ 25. Kxf3 Qxg5 26. Qf4 Qf6 27.
Qxf6 Bxf6 28. Rb4 a6 29. Rb7 Kg7 30. a4 1-0

[Event "World Rapid 2019"]
[Site "Moscow RUS"]
[Date "2019.12.26"]
[Round "3.22"]
[White "Moiseenko, Vadim"]
[Black "Giri, Anish"]
[Result "0-1"]
[WhiteTitle "GM"]
[BlackTitle "GM"]
[WhiteElo "2526"]
[BlackElo "2769"]
[WhiteFideId "4123700"]
[BlackFideId "24116068"]
[EventDate "2019.12.26"]
[EventType "rapid"]

1. e4 c5 2. Nf3 d6 3. d4 cxd4 4. Nxd4 Nf6 5. Nc3 a6 6. Be3 e5 7. Nf3 Be7 8. Bc4
Be6 9. Qd3 O-O 10. O-O b5 11. Bd5 Nxd5 12. Nxd5 Bxd5 13. Qxd5 Nd7 14. c3 Qc7 15.
Qd3 Qc6 16. Rfd1 Rfc8 17. Nd2 h6 18. Nf1 Nf6 19. Ng3 Bf8 20. Rd2 a5 21. f3 Rd8
22. Rad1 Rd7 23. Qe2 Re8 24. Bf2 Red8 25. Nf5 d5 26. exd5 Rxd5 27. Rxd5 Rxd5 28.
Ne3 Rxd1+ 29. Qxd1 Bc5 30. Qd8+ Kh7 31. Qd3+ e4 32. fxe4 Nxe4 33. Nd1 f5 34.
Bxc5 Qxc5+ 35. Ne3 h5 36. Kf1 Qe5 37. g3 h4 38. Qd7 Kg6 39. Qc6+ Kh5 40. Qd7 Kg6
41. Qc6+ Kg5 42. gxh4+ Kxh4 43. Ng2+ Kh5 44. Qd7 Kh6 45. h4 Qh2 46. Qa7 a4 47.
Qe3+ Kh7 48. Qg1 Nd2+ 49. Kf2 Ne4+ 50. Kf1 Nd2+ 51. Kf2 Qe5 52. Qd1 Ne4+ 53. Kg1
a3 54. bxa3 Nxc3 55. Qb3 Qd4+ 56. Kh2 Qe5+ 57. Kg1 Qd4+ 58. Kh2 Ne2 59. Qe3 Qg4
60. Qf2 f4 61. Ne1 Ng3 62. Nf3 Nf5 63. Ng5+ Kh6 64. Nh3 f3 65. Qd2+ Kh5 66. Nf4+
Kxh4 67. Qd8+ Qg5 68. Ng6+ Kh5 0-1

[Event "World Rapid 2019"]
[Site "Moscow RUS"]
[Date "2019.12.26"]
[Round "3.23"]
[White "Yu, Yangyi"]
[Black "Grachev, Boris"]
[Result "0-1"]
[WhiteTitle "GM"]
[BlackTitle "GM"]
[WhiteElo "2738"]
[BlackElo "2614"]
[WhiteFideId "8603820"]
[BlackFideId "4129199"]
[EventDate "2019.12.26"]
[EventType "rapid"]

1. d4 d5 2. c4 e6 3. Nc3 a6 4. cxd5 exd5 5. Qb3 c5 6. e4 Nc6 7. Nf3 c4 8. Qc2
Bb4 9. a3 Bxc3+ 10. bxc3 Nge7 11. Be2 O-O 12. e5 Bf5 13. Qb2 h6 14. O-O Na5 15.
Be3 b5 16. Rae1 Qd7 17. Nh4 Bd3 18. f4 Nf5 19. Bg4 Nc6 20. Rf3 Nce7 21. Bf2 Rac8
22. Qb4 Rc6 23. Rh3 Ra8 24. Qb2 Rb6 25. Qd2 a5 26. Rxd3 cxd3 27. Qxd3 g6 28. Bh3
b4 29. cxb4 axb4 30. axb4 Qb5 31. Qd1 Qxb4 32. Nxf5 Nxf5 33. g4 Ng7 34. f5 Ra2
35. Qf3 Ra3 36. Re3 Rxe3 37. Qxe3 Qb1+ 38. Bf1 gxf5 39. Qf3 Qe4 40. Qxe4 fxe4
41. Be3 Ne6 42. Kf2 Kg7 43. h4 Rb4 44. Bh3 Nxd4 45. g5 hxg5 46. Bxg5 Ne6 47. Be7
Rb2+ 48. Ke1 Kg6 49. Bg4 d4 50. h5+ Kh6 51. Ba3 Ra2 0-1

[Event "World Rapid 2019"]
[Site "Moscow RUS"]
[Date "2019.12.26"]
[Round "3.24"]
[White "Paravyan, David"]
[Black "Svidler, Peter"]
[Result "0-1"]
[WhiteTitle "GM"]
[BlackTitle "GM"]
[WhiteElo "2629"]
[BlackElo "2723"]
[WhiteFideId "4194985"]
[BlackFideId "4102142"]
[EventDate "2019.12.26"]
[EventType "rapid"]

1. d4 d5 2. c4 c6 3. Nf3 Nf6 4. Nc3 dxc4 5. e4 b5 6. Be2 a6 7. O-O Bg4 8. a4
Nbd7 9. axb5 axb5 10. Rxa8 Qxa8 11. e5 Bxf3 12. Bxf3 Nd5 13. e6 fxe6 14. Qe2 e5
15. dxe5 e6 16. Be4 Nc5 17. Qh5+ Kd7 18. Bg5 Be7 19. Bxe7 Kxe7 20. Bxd5 exd5 21.
f4 Qa7 22. Qh4+ Kf7 23. f5 Nd3+ 24. Kh1 Rf8 25. Qxh7 Nf2+ 26. Rxf2 Qa1+ 0-1

[Event "World Rapid 2019"]
[Site "Moscow RUS"]
[Date "2019.12.26"]
[Round "3.26"]
[White "Tregubov, Pavel V."]
[Black "Salem, A.R. Saleh"]
[Result "1-0"]
[WhiteTitle "GM"]
[BlackTitle "GM"]
[WhiteElo "2588"]
[BlackElo "2675"]
[WhiteFideId "4115341"]
[BlackFideId "9301348"]
[EventDate "2019.12.26"]
[EventType "rapid"]

1. e4 c5 2. Nf3 d6 3. c3 Nf6 4. Be2 Nbd7 5. d3 g6 6. O-O Bg7 7. Nbd2 O-O 8. d4
cxd4 9. cxd4 e5 10. dxe5 Nxe5 11. Nxe5 dxe5 12. b3 Qe7 13. Bb2 b6 14. Nc4 Rd8
15. Ba3 Qc7 16. Qe1 Be6 17. f3 b5 18. Qa5 Qb8 19. Nb2 a6 20. Nd3 Nd7 21. Rfd1
Qa7+ 22. Kf1 Rdc8 23. Qd2 f5 24. exf5 gxf5 25. Rac1 Bf7 26. Nb4 Nc5 27. Nd5 f4
28. Qc3 Qb7 29. Qd2 Rd8 30. Rxc5 Bf8 31. Rc7 Qxd5 32. Qxd5 Rxd5 33. Rxd5 Bxd5
34. Bxf8 Rxf8 35. Bd3 Rf7 36. Rc5 Rd7 37. Bf5 Rf7 38. Bc8 Rf8 39. Bxa6 Rd8 40.
Bxb5 Kg7 41. Ke2 e4 42. fxe4 Bxe4 43. Rc7+ Kf6 44. Bc6 Bg6 45. b4 Rd4 46. b5 Rb4
47. Rd7 Ke5 48. Rd5+ Ke6 49. Rd2 Ke5 50. a3 Rc4 51. Bf3 Rc3 52. Rb2 Rxa3 53. b6
Bd3+ 54. Kf2 1-0

[Event "World Rapid 2019"]
[Site "Moscow RUS"]
[Date "2019.12.26"]
[Round "3.27"]
[White "Sargissian, Gabriel"]
[Black "Grigoriants, Sergey"]
[Result "1-0"]
[WhiteTitle "GM"]
[BlackTitle "GM"]
[WhiteElo "2689"]
[BlackElo "2542"]
[WhiteFideId "13300881"]
[BlackFideId "4130804"]
[EventDate "2019.12.26"]
[EventType "rapid"]

1. d4 Nf6 2. c4 e6 3. Nf3 d5 4. g3 Bb4+ 5. Bd2 Be7 6. Bg2 O-O 7. O-O Nbd7 8. Qc2
Ne4 9. Bf4 c6 10. Nc3 g5 11. Be3 Nd6 12. b3 f5 13. Qc1 Nf7 14. Na4 Bf6 15. Nb2
Qe7 16. Nd3 g4 17. Nfe1 Bg7 18. Nf4 dxc4 19. Qxc4 Nb6 20. Qc2 Nd5 21. Nxd5 exd5
22. Nd3 Nd6 23. Rad1 Be6 24. Qc1 Rfe8 25. Bg5 Qf7 26. Bf4 Qe7 27. Be5 Bf8 28. f3
Nf7 29. f4 Rad8 30. h3 gxh3 31. Bxh3 h5 32. Bg2 Nh6 33. Bf3 Bf7 34. Kf2 Bg6 35.
Rh1 Qf7 36. Ne1 Ng4+ 37. Kg1 c5 38. Ng2 Rc8 39. Qd2 b6 40. Ne3 Red8 41. Bxg4
fxg4 42. f5 Bh7 43. Nxg4 hxg4 44. Qg5+ Bg7 45. f6 cxd4 46. fxg7 Re8 47. Rf1 1-0

[Event "World Rapid 2019"]
[Site "Moscow RUS"]
[Date "2019.12.26"]
[Round "3.28"]
[White "Meier, Georg"]
[Black "Khanin, Semen"]
[Result "1/2-1/2"]
[WhiteTitle "GM"]
[BlackTitle "IM"]
[WhiteElo "2626"]
[BlackElo "2500"]
[WhiteFideId "4675789"]
[BlackFideId "4111990"]
[EventDate "2019.12.26"]
[EventType "rapid"]

1. Nf3 Nf6 2. g3 g6 3. Bg2 Bg7 4. O-O O-O 5. d4 d5 6. c4 c6 7. cxd5 cxd5 8. Nc3
Ne4 9. Ne5 Nxc3 10. bxc3 Nc6 11. Nxc6 bxc6 12. Qa4 Qb6 13. Ba3 Qa6 14. Qxa6 Bxa6
15. Rfb1 Rfb8 16. Bxe7 Bxe2 17. Bd6 Rxb1+ 18. Rxb1 Bb5 19. Bf1 a6 20. a4 Bxa4
21. Bxa6 Bf8 22. Bxf8 Kxf8 23. Bd3 Rc8 24. Ra1 Bb5 25. Bxb5 cxb5 26. Ra5 Rb8 27.
Kf1 Ke7 28. Ke2 Ke6 29. Ra6+ Ke7 30. Ra3 Rb6 31. Ke3 1/2-1/2

[Event "World Rapid 2019"]
[Site "Moscow RUS"]
[Date "2019.12.26"]
[Round "3.29"]
[White "Safarli, Eltaj"]
[Black "Quparadze, Giga"]
[Result "1-0"]
[WhiteTitle "GM"]
[BlackTitle "GM"]
[WhiteElo "2601"]
[BlackElo "2462"]
[WhiteFideId "13402129"]
[BlackFideId "13602250"]
[EventDate "2019.12.26"]
[EventType "rapid"]

1. e4 c5 2. Nc3 e6 3. Nf3 a6 4. d4 cxd4 5. Nxd4 Qc7 6. Bd3 Bc5 7. Be3 Nf6 8. O-O
d6 9. Re1 Nc6 10. Nxc6 Qxc6 11. Bg5 Bd4 12. Qd2 h6 13. Bh4 g5 14. Bg3 Be5 15. a4
O-O 16. f4 gxf4 17. Bxf4 Ng4 18. Rf1 Qc5+ 19. Kh1 Bxf4 20. Qxf4 Qg5 21. Qxd6 Qe5
22. Qxe5 Nxe5 23. Rae1 Rd8 24. Re3 Rd4 25. Rg3+ Kf8 26. b3 Bd7 27. Ne2 Rd6 28.
Rf6 Ke7 29. Rxh6 Rc8 30. h4 Nxd3 31. cxd3 Rc2 32. Nf4 Rc3 33. h5 Rxb3 34. Rh8
Rb1+ 35. Kh2 Rf1 36. Ng6+ fxg6 37. hxg6 e5 38. Rh7+ Ke8 39. g7 Be6 40. Rh6 Rf8
41. gxf8=Q+ Kxf8 1-0